Sezen Aksu Şarkıları - Armageddon - Statistics

General Stats
  • This quiz has been taken 294 times
  • The average score is 8 of 17
Answers on the Grid
Answers color-coded by a green-red scale on the quiz's grid according to % correct below.
İyileşiyorum
Bu Böyle
Şinanay
Pembe Mezarlık
Yansın İstanbul
Geri Dön
Son Perde
Yalnız Kuş
Olsun
İhanetten Geri Kalan
Son Bakış
Koparılan Çiçekler
Ben De Yoluma Giderim
Manifesto
Yaralı
Seni Yerler
Lunapark
Savaşçı
Sarı Odalar
Kumsalda
Tükeneceğiz
Armağan
Kaçın Kurası
Deli Divane
En Uzun Gece
Çingenem
Rakkas
Biliyorsun
Değmesin Ellerimiz
Köprü
Kurşuni Renkler
Bir Çaresi Bulunur
Mey
 
Answer Stats
Answer % Correct
Şinanay
79%
Tükeneceğiz
68%
Geri Dön
63%
Ben De Yoluma Giderim
62%
Seni Yerler
60%
Kaçın Kurası
59%
Rakkas
59%
Manifesto
56%
İhanetten Geri Kalan
51%
Yansın İstanbul
50%
Biliyorsun
49%
Sarı Odalar
45%
Son Bakış
43%
Kurşuni Renkler
32%
Lunapark
11%
En Uzun Gece
5%
Köprü
3%
No matching quizzes found
Score Distribution
Percent of People with Each Score
Percentile by Number Answered
Your Score History
You have not taken this quiz